000 01080nam0a2200277 4500
001 RU\NLR\BIBL_A\022694853
005 20251228052247.0
035 _a(NLR Aleph) 022694853
090 _a13511589
_c13511589
100 _a20251224d1963 m y0rusy50 ca
101 0 _alit
102 _aLT
105 _ay z 000yy
181 0 _ai
_baxxe
182 0 _an
200 1 _aTrumpas miškų ir kitų gamtos turtų apsaugos vadovas
_fLietuvos TSR Miškų ūkio ir miškų pramonės ministerija
_g[vadovą paruošė D. Petrauskas]
203 _aТекст
_bвизуальный
_cнепосредственный
210 _aVilnius
_c[Centrinis techninės informacijos biūras]
_d1963
215 _a20,[2] p.
_clent.
_d14
541 1 _aКраткое руководство по охране леса и других природных богатств
_zrus
606 1 _aОхрана природы
_yЛитовская Республика
_92500057
_3RU\NLR\AUTH\661482841
686 1 _aЕ08
702 1 _aPetrauskas
_bD.
_4220
942 _cBOOK
980 _aNB